[Event "MPJBiS 2020"]
[Site "?"]
[Date "2020.08.30"]
[Round "13.10"]
[White "Murawski, Milosz"]
[Black "Bartodziej, Bartosz"]
[Result "1/2-1/2"]
[BlackElo "1465"]
[WhiteElo "1280"]
[LiveChessVersion "1.4.8"]

1. d4 {[%clk 0:03:03]} Nf6 {[%clk 0:03:03]} 2. c4 {[%clk 0:03:03]} g6
{[%clk 0:03:04]} 3. Nc3 {[%clk 0:03:04]} d5 {[%clk 0:03:05]} 4. Bf4
{[%clk 0:03:05]} c6 {[%clk 0:03:04]} 5. e3 {[%clk 0:03:06]} Bg7 {[%clk 0:03:04]}
6. Nf3 {[%clk 0:03:06]} O-O {[%clk 0:03:03]} 7. Be2 {[%clk 0:03:07]} Bf5
{[%clk 0:02:57]} 8. h3 {[%clk 0:03:06]} Nbd7 {[%clk 0:02:54]} 9. O-O
{[%clk 0:03:05]} Ne4 {[%clk 0:02:44]} 10. Nxe4 {[%clk 0:03:06]} Bxe4
{[%clk 0:02:44]} 11. Bd3 {[%clk 0:03:03]} Nf6 {[%clk 0:02:34]} 12. Rc1
{[%clk 0:02:57]} Qb6 {[%clk 0:02:28]} 13. b3 {[%clk 0:02:57]} Rac8
{[%clk 0:02:24]} 14. Bxe4 {[%clk 0:02:57]} Nxe4 {[%clk 0:02:22]} 15. Nd2
{[%clk 0:02:55]} Nf6 {[%clk 0:02:10]} 16. Nf3 {[%clk 0:02:55]} Nd7
{[%clk 0:02:10]} 17. Qd2 {[%clk 0:02:51]} Nf6 {[%clk 0:02:01]} 18. Qe2
{[%clk 0:02:46]} c5 {[%clk 0:01:48]} 19. dxc5 {[%clk 0:02:40]} Rxc5
{[%clk 0:01:46]} 20. Bg3 {[%clk 0:02:28]} dxc4 {[%clk 0:01:42]} 21. Rxc4
{[%clk 0:02:28]} Rfc8 {[%clk 0:01:39]} 22. Rfc1 {[%clk 0:02:27]} Rxc4
{[%clk 0:01:38]} 23. Rxc4 {[%clk 0:02:26]} Qd8 {[%clk 0:01:07]} 24. Qc2
{[%clk 0:02:21]} Rxc4 {[%clk 0:01:06]} 25. Qxc4 {[%clk 0:02:22]} h6
{[%clk 0:00:56]} 26. Ne5 {[%clk 0:01:43]} Qd5 {[%clk 0:00:52]} 27. Qxd5
{[%clk 0:01:27]} Nxd5 {[%clk 0:00:53]} 28. Nc4 {[%clk 0:01:27]} Nc3
{[%clk 0:00:41]} 29. Bb8 {[%clk 0:01:18]} Nxa2 {[%clk 0:00:41]} 30. Bxa7
{[%clk 0:01:19]} Nc1 {[%clk 0:00:39]} 31. b4 {[%clk 0:01:13]} Na2
{[%clk 0:00:36]} 32. b5 {[%clk 0:01:10]} Nb4 {[%clk 0:00:09]} 33. Na5
{[%clk 0:01:08]} Nd5 {[%clk 0:00:06]} 34. Nxb7 {[%clk 0:01:07]} Be5
{[%clk 0:00:05]} 35. Nc5 {[%clk 0:01:03]} Nb4 {[%clk 0:00:04]} 36. b6
{[%clk 0:00:52]} Nc6 {[%clk 0:00:05]} 37. Nd7 {[%clk 0:00:46]} Bd6
{[%clk 0:00:05]} 38. e4 {[%clk 0:00:34]} f6 {[%clk 0:00:06]} 39. f3
{[%clk 0:00:22]} Kf7 {[%clk 0:00:07]} 40. b7 {[%clk 0:00:19]} Nxa7
{[%clk 0:00:07]} 41. b8=Q {[%clk 0:00:18]} Bxb8 {[%clk 0:00:08]} 42. Nxb8
{[%clk 0:00:19]} Ke6 {[%clk 0:00:07]} 43. Kf2 {[%clk 0:00:17]} Kd6
{[%clk 0:00:06]} 44. Ke3 {[%clk 0:00:17]} Kc7 {[%clk 0:00:03]} 45. Na6+
{[%clk 0:00:18]} Kb6 {[%clk 0:00:04]} 46. Nb4 {[%clk 0:00:19]} Kc5
{[%clk 0:00:05]} 47. Nd5 {[%clk 0:00:20]} Kd6 {[%clk 0:00:06]} 48. Nf4
{[%clk 0:00:19]} g5 {[%clk 0:00:07]} 49. Nd3 {[%clk 0:00:20]} Nc6
{[%clk 0:00:07]} 50. Nb2 {[%clk 0:00:13]} Ne5 {[%clk 0:00:07]} 51. Nd3
{[%clk 0:00:09]} Nxd3 {[%clk 0:00:05]} 52. Kxd3 {[%clk 0:00:10]} Ke5
{[%clk 0:00:05]} 53. Ke3 {[%clk 0:00:12]} h5 {[%clk 0:00:06]} 54. g3
{[%clk 0:00:13]} h4 {[%clk 0:00:07]} 55. gxh4 {[%clk 0:00:12]} gxh4
{[%clk 0:00:08]} 56. f4+ {[%clk 0:00:13]} Ke6 {[%clk 0:00:09]} 57. Kf3
{[%clk 0:00:14]} f5 {[%clk 0:00:09]} 58. exf5+ {[%clk 0:00:12]} Kxf5
{[%clk 0:00:09]} 59. Ke3 {[%clk 0:00:13]} Kf6 {[%clk 0:00:08]} 60. Ke4
{[%clk 0:00:14]} Ke6 {[%clk 0:00:08]} 61. f5+ {[%clk 0:00:15]} Kf6
{[%clk 0:00:09]} 62. Kf4 {[%clk 0:00:16]} Kf7 63. Kg5 e6 {[%clk 0:00:05]} 64.
fxe6+ {[%clk 0:00:09]} Kxe6 {[%clk 0:00:06]} 65. Kxh4 {[%clk 0:00:10]} Kf7
{[%clk 0:00:07]} 66. Kg5 {[%clk 0:00:07]} 1/2-1/2

[Event "MPJBiS 2020"]
[Site "?"]
[Date "2020.08.30"]
[Round "13.11"]
[White "Ratajczak, Hubert"]
[Black "Rosa, Antoni"]
[Result "1-0"]
[BlackElo "1445"]
[WhiteElo "1335"]
[LiveChessVersion "1.4.8"]

1. e4 {[%clk 0:03:02]} e6 {[%clk 0:03:04]} 2. d4 {[%clk 0:03:03]} d5
{[%clk 0:03:05]} 3. Nd2 {[%clk 0:03:04]} c5 {[%clk 0:03:06]} 4. exd5
{[%clk 0:03:05]} Qxd5 {[%clk 0:03:07]} 5. Ngf3 {[%clk 0:03:06]} cxd4
{[%clk 0:03:05]} 6. Bc4 {[%clk 0:03:07]} Qd8 {[%clk 0:03:05]} 7. O-O
{[%clk 0:03:06]} Nf6 {[%clk 0:03:06]} 8. Nb3 {[%clk 0:03:07]} Nc6
{[%clk 0:03:07]} 9. Nbxd4 {[%clk 0:03:08]} Nxd4 {[%clk 0:03:08]} 10. Nxd4
{[%clk 0:03:07]} Bd7 {[%clk 0:03:03]} 11. Bf4 {[%clk 0:03:05]} a6
{[%clk 0:02:55]} 12. Bb3 {[%clk 0:03:05]} Bc5 {[%clk 0:02:52]} 13. c3
{[%clk 0:03:03]} Bxd4 {[%clk 0:02:51]} 14. Qxd4 {[%clk 0:03:03]} O-O
{[%clk 0:02:37]} 15. Rad1 {[%clk 0:03:02]} Bc6 {[%clk 0:02:33]} 16. Qxd8
{[%clk 0:02:51]} Rfxd8 {[%clk 0:02:30]} 17. Bc7 {[%clk 0:02:37]} Rd7
{[%clk 0:02:30]} 18. Rxd7 {[%clk 0:02:38]} Nxd7 {[%clk 0:02:31]} 19. Rd1
{[%clk 0:02:36]} Rc8 {[%clk 0:02:30]} 20. Bf4 {[%clk 0:02:35]} h6
{[%clk 0:02:21]} 21. h4 {[%clk 0:02:32]} Nc5 {[%clk 0:02:16]} 22. f3
{[%clk 0:02:21]} a5 {[%clk 0:02:04]} 23. Be3 {[%clk 0:02:13]} Na6
{[%clk 0:01:47]} 24. a4 {[%clk 0:02:05]} Nc7 {[%clk 0:01:47]} 25. Bb6
{[%clk 0:01:57]} Nd5 {[%clk 0:01:42]} 26. Bxd5 {[%clk 0:01:57]} Bxd5
{[%clk 0:01:43]} 27. Bxa5 {[%clk 0:01:55]} Ra8 {[%clk 0:01:29]} 28. b4
{[%clk 0:01:53]} Kf8 {[%clk 0:01:06]} 29. Kf2 {[%clk 0:01:53]} Ke7
{[%clk 0:01:06]} 30. g4 {[%clk 0:01:48]} Rc8 {[%clk 0:01:03]} 31. b5
{[%clk 0:01:49]} Ra8 {[%clk 0:01:03]} 32. Bb4+ {[%clk 0:01:50]} Ke8
{[%clk 0:01:00]} 33. a5 {[%clk 0:01:42]} Bc4 {[%clk 0:00:52]} 34. b6
{[%clk 0:01:43]} Bd5 {[%clk 0:00:52]} 35. Rd4 {[%clk 0:01:30]} Rc8
{[%clk 0:00:46]} 36. Ke3 {[%clk 0:01:27]} f6 {[%clk 0:00:40]} 37. f4
{[%clk 0:01:24]} Kd7 {[%clk 0:00:32]} 38. Kd3 {[%clk 0:01:16]} Ke8
{[%clk 0:00:27]} 39. c4 {[%clk 0:01:16]} Bg2 {[%clk 0:00:24]} 40. Rd6
{[%clk 0:00:44]} Bf1+ {[%clk 0:00:25]} 41. Ke3 {[%clk 0:00:39]} Bxc4
{[%clk 0:00:23]} 42. g5 {[%clk 0:00:32]} Bd5 {[%clk 0:00:20]} 43. gxf6
{[%clk 0:00:20]} gxf6 {[%clk 0:00:19]} 44. f5 {[%clk 0:00:19]} Kf7
{[%clk 0:00:05]} 45. Rd7+ {[%clk 0:00:18]} Ke8 {[%clk 0:00:06]} 46. Re7+
{[%clk 0:00:18]} Kf8 {[%clk 0:00:07]} 47. Rc7+ {[%clk 0:00:18]} Kg7
{[%clk 0:00:07]} 1-0